Doctor Who : the curse of Peladon /

Taking a test flight in the TARDIS, the Doctor and Jo make an inelegant landing on the planet Peladon. When they are mistaken for representatives from Earth, the Doctor soon finds himself chairing the committee of alien delegates assessing Peladon's petition to join the Galactic Federation. W...

Full description

Bibliographic Details
Corporate Authors: British Broadcasting Corporation, BBC Worldwide Ltd, Warner Home Video (Firm), 2 Entertain (Firm)
Other Authors: Pertwee, Jon, Manning, Katy, Letts, Barry, Mayne, Lennie, Hayles, Brian, 1930-1978
Format: Video DVD
Language:English
Language Notes:English subtitles for the hard of hearing.
Published: [United States] : BBC Worldwide, 1972.
Series:Jon Pertwee years, 1970-1974 ; story no. 61.
Subjects:

MARC

Tag First Indicator Second Indicator Subfields
LEADER 00000cgm a2200000Ia 4500
001 in00002640708
005 20151202114527.0
007 vd cvaizm
008 100506s2010 xxu097 vleng d
020 |a 1419890093 
020 |a 9781419890093 
024 1 |a 883929098675 
028 4 0 |a 2000036147  |b BBC Worldwide 
035 |a (OCoLC)ocn611987047 
035 |a (OCoLC)611987047 
040 |a LKR  |c LKR  |d TEF  |d UtOrBLW 
049 |a TXAM 
050 4 |a PN1992.77  |b .D63 2010 
082 0 4 |a 791.45/75  |2 22 
090 |a PN1992.77.D6273  |b C97 2010 
245 0 0 |a Doctor Who :  |b the curse of Peladon /  |c British Broadcasting Corporation, 2 entertain Video ; producer, Barry Letts ; director, Lennie Mayne ; writer, Brian Hayles. 
246 3 0 |a Curse of Peladon 
264 1 |a [United States] :  |b BBC Worldwide,  |c 1972. 
264 4 |c ©2010 
300 |a 1 videodisc (97 min.) :  |b sound, color ;  |c 4 3/4 in. 
336 |a two-dimensional moving image  |b tdi  |2 rdacontent 
337 |a video  |b v  |2 rdamedia 
338 |a videodisc  |b vd  |2 rdacarrier 
490 1 |a Doctor Who. The Jon Pertwee Years 1970-1974 
538 |a DVD; region 1; NTSC; full screen presentation, Dolby Digital mono. 
546 |a English subtitles for the hard of hearing. 
511 1 |a Jon Pertwee, Katy Manning. 
500 |a Originally broadcast on television in 1972. 
521 8 |a Not rated. 
520 |a Taking a test flight in the TARDIS, the Doctor and Jo make an inelegant landing on the planet Peladon. When they are mistaken for representatives from Earth, the Doctor soon finds himself chairing the committee of alien delegates assessing Peladon's petition to join the Galactic Federation. When one of the King's advisors is killed, the High Priest fears the ancient Curse of Aggedor is at work, but the Doctor suspects his old enemies the Ice Warriors are to blame. 
500 |a Special features: Audio commentary by Katy Manning (Jo Grant), producer Barry Letts, script editor Terrance Dicks, and production assistant Chris D'Oyly-John, moderated by Toby Hadoke ; The Peladon Saga Part One ; Warriors of Mars ; Jon and Katy ; Storyboard comparison ; Photo gallery ; Production note option ; Radio Times listings. 
500 |a Videorecording. 
600 0 |a Doctor  |c (Fictitious character)  |v Drama. 
655 7 |a Science fiction television programs.  |2 lcgft 
655 7 |a Television series.  |2 lcgft 
655 7 |a Fiction television programs.  |2 lcgft 
655 7 |a Video recordings for the hearing impaired.  |2 lcgft 
700 1 |a Pertwee, Jon. 
700 1 |a Manning, Katy. 
700 1 |a Letts, Barry. 
700 1 |a Mayne, Lennie. 
700 1 |a Hayles, Brian,  |d 1930-1978. 
710 2 |a British Broadcasting Corporation. 
710 2 |a BBC Worldwide Ltd. 
710 2 |a Warner Home Video (Firm) 
710 2 |a 2 Entertain (Firm) 
730 0 |a Doctor Who (Television program : 1963-1989) 
830 0 |a Jon Pertwee years, 1970-1974 ;  |v story no. 61. 
994 |a C0  |b TXA 
948 |a cataloged  |b h  |c 2011/2/21  |d c  |e blrosas  |f 1:34:50 pm 
999 |a MARS 
999 f f |s a412eadc-0fc5-3632-a50d-3907491e5864  |i fcd240a2-fcdc-3ccb-a58e-4c3e5d0d99d3  |t 0 
952 f f |p dvd  |a Texas A&M University  |b College Station  |c Sterling C. Evans Library  |d Evans: Media and Reserves (Annex 1st floor)  |t 0  |e PN1992.77.D6273 C97 2010  |h Library of Congress classification  |i video -- videodisc  |m A14839548618 
998 f f |a PN1992.77.D6273 C97 2010  |t 0  |l Evans: Media and Reserves (Annex 1st floor)